Les pays du monde où il pleut le plus et où il pleut le moins - Statistiques

Statistiques générales
  • Ce quiz a été pris 51 fois
  • Le résultat moyen est 17 sur 30
Statistiques - réponses
Hint Place Réponse % Correct
Pays où il pleut le plus 11 Indonésie
88%
Pays où il pleut le moins 2 Emirats Arabes Unis
86%
Pays où il pleut le moins 5 Qatar
82%
Pays où il pleut le moins 3 Oman
80%
Pays où il pleut le moins 1 Egypte
78%
Pays où il pleut le moins 14 Iran
78%
Pays où il pleut le plus 5 Malaisie
76%
Pays où il pleut le moins 4 Algérie
71%
Pays où il pleut le moins 13 Yémen
71%
Pays où il pleut le moins 10 Jordanie
69%
Pays où il pleut le plus 12 Philippines
69%
Pays où il pleut le moins 9 Koweit
67%
Pays où il pleut le plus 4 Papouasie-Nouvelle-Guinée
65%
Pays où il pleut le plus 10 Singapour
65%
Pays où il pleut le plus 6 Fidji
63%
Pays où il pleut le moins 8 Mauritanie
63%
Pays où il pleut le moins 6 Bahrein
61%
Pays où il pleut le plus 8 Vanuatu
57%
Pays où il pleut le plus 1 Micronésie
55%
Pays où il pleut le plus 14 Colombie
53%
Pays où il pleut le plus 9 Iles Marshall
53%
Pays où il pleut le plus 7 Samoa
51%
Pays où il pleut le plus 3 Iles Salomon
43%
Pays où il pleut le moins 12 Iraq
43%
Pays où il pleut le moins 11 Ouzbékistan
33%
Pays où il pleut le moins 7 Turkménistan
33%
Pays où il pleut le plus 15 Costa Rica
27%
Pays où il pleut le plus 13 Saint-Vincent-et-les-Grenadines
24%
Pays où il pleut le moins 15 Cap-Vert
22%
Pays où il pleut le plus 2 Palau
4%
Aucun quiz correspondant
Distribution des résultats
% des personnes avec chaque résultat
Percentile par nombre de réponses
Votre historique - résultats
Vous n’avez pas pris ce quiz